|
|
|
|
| LEADER |
00000cam a2200000 a 4500 |
| 001 |
vtls001440030 |
| 003 |
SK-MaSNL |
| 005 |
20260429131632.0 |
| 008 |
240226s2001 xo ernp 000 0 slo |
| 015 |
|
|
|a SNBA2001
|
| 020 |
|
|
|a 8022514950
|
| 035 |
|
|
|a SNK000395192
|
| 035 |
|
|
|a urn:nbn:sk:snk-am3iwe0
|
| 035 |
|
|
|a BD2ADE76-B53A-4DE6-AC81-E246DF212176
|
| 035 |
|
|
|a urn:nbn:sk:snk-am00g4ym
|
| 040 |
|
|
|a SNK
|b slo
|c SNK
|e AACR2
|
| 041 |
0 |
|
|a eng
|
| 044 |
|
|
|a xo
|c SK
|
| 072 |
|
7 |
|a 339
|x Obchod
|2 konspekt
|
| 080 |
|
|
|a 811.111
|2 2011
|
| 080 |
|
|
|a 339.5
|2 2011
|
| 080 |
|
|
|a (075.8)
|2 2011
|
| 100 |
1 |
|
|a Grossmanová, Marta,
|d 1946-
|4 aut
|9 1637949
|
| 245 |
1 |
0 |
|a Banking english
|c Marta Grossmanová, Eva Vehnerová
|
| 250 |
|
|
|a 1. vydanie
|
| 260 |
|
|
|a Bratislava
|b Ekonom
|c 2001
|
| 300 |
|
|
|a 123 strán
|c 21 cm
|
| 366 |
|
|
|e 200 kusov
|
| 504 |
|
|
|a Bibliografia na strane 123-124 ; slovník
|
| 650 |
0 |
7 |
|a angličtina
|2 SNKPH
|9 1260
|
| 650 |
0 |
7 |
|a zahraničný obchod
|2 SNKPH
|9 2200
|
| 655 |
|
7 |
|a učebnice vysokých škôl
|2 SNKPH
|9 70191
|
| 700 |
1 |
|
|a Vehnerová, Eva,
|d 1946-
|4 aut
|9 243865
|
| 919 |
|
|
|a 80-225-1495-0
|
| 958 |
|
|
|a NB
|
| 958 |
|
|
|a OND
|
| 999 |
|
|
|c 814830
|d 816760
|
| 952 |
|
|
|t P60, <03>, [BOOK], {603}
|a SNK
|b SNK
|y PREZ
|7 0
|p 17A0356183
|o snkSC 109140
|i snkKSP 10905/2002
|0 0
|1 0
|4 0
|d 2002-09-09
|f 1
|l 0
|r 2025-09-30 00:00:00
|w 2026-02-24
|
| 952 |
|
|
|t P60, <04>, [BOOK], {604}
|a SNK
|b SNK
|y VYP
|7 0
|p 17A0356184
|o snkSC 109140 D1
|i snkKSP 10906/2002
|0 0
|1 0
|4 0
|d 2002-09-09
|l 0
|r 2005-01-02 00:00:00
|w 2026-02-24
|